00380nam a2200109Ia 4500008004100000100002700041245003900068260005800107650001200165999001900177952007400196160725s9999 xx 000 0 und d aGareza, April Apple G. aRethinking the nursing curriculum. bKaizen Research Journal College of NursingcJune 2013 aNURSING c298028d298028 001040aAbAcARd2016-07-25l0r2016-07-25 00:00:00w2016-07-25ySV